000 00560nam a22001817a 4500
005 20251108172801.0
008 250721s2004 xx 000 0 ara d
082 1 4 _a810.09565/آرا
245 1 0 _aأراء نقدية في أعمال أمينة العدوان /
264 1 _aعمان :
_bدار أزمنة للنشر والتوزيع،
_c2004.
300 _a323ص.
490 0 _aدراسات : نقد أدبي
650 1 7 _aالادب العربي
650 1 7 _aالنقد الادبي
650 1 7 _aالاردن
942 _2ddc
_cBK
999 _c88387
_d88387